LIBRARY ONLINE CATALOGUE

Chemistry / (Record no. 3571)

MARC details
000 -LEADER
fixed length control field 00652cam a22002172 4500
001 - CONTROL NUMBER
control field 0000012614
005 - DATE AND TIME OF LATEST TRANSACTION
control field 20151217145855.0
008 - FIXED-LENGTH DATA ELEMENTS--GENERAL INFORMATION
fixed length control field 090224s xx 000 0 eng d
020 ## - INTERNATIONAL STANDARD BOOK NUMBER
International Standard Book Number 0201282399 :
040 ## - CATALOGING SOURCE
Original cataloging agency KABU
Transcribing agency KABU
245 10 - TITLE STATEMENT
Title Chemistry /
Statement of responsibility, etc. Antony C. Wilbraham ...[et al.].
250 ## - EDITION STATEMENT
Edition statement 1st ed.
260 ## - PUBLICATION, DISTRIBUTION, ETC. (IMPRINT)
Place of publication, distribution, etc. Menlo Park, CA. :
Name of publisher, distributor, etc. Addison-Wesley,
Date of publication, distribution, etc. 1993.
300 ## - PHYSICAL DESCRIPTION
Extent ix, 724 p.
650 #0 - SUBJECT ADDED ENTRY--TOPICAL TERM
Topical term or geographic name as entry element Chemistry.
-- 0000148202
700 1# - ADDED ENTRY--PERSONAL NAME
Personal name Wilbraham, Antony C.
-- 0000169491
852 1# - LOCATION
-- p500 KES
852 1# - LOCATION
-- p500 KES
908 ## - PUT COMMAND PARAMETER (RLIN)
Put command parameter 090224
950 ## - LOCAL HOLDINGS (RLIN)
-- 1
Holdings
Withdrawn status Lost status Source of classification or shelving scheme Not for loan Home library Current library Date acquired Total Checkouts Total Renewals Full call number Barcode Date last seen Date last checked out Price effective from Koha item type
    Library of Congress Classification   Kabarak, Main Campus Kabarak, Main Campus 17/12/2015 3 1 QD33 .C44 1993 c. 2 16794 05/11/2019 24/10/2019 17/12/2015 General Collection
    Library of Congress Classification   Kabarak, Main Campus Kabarak, Main Campus 17/12/2015 3   QD33 .C44 1993 c. 1 16793 27/11/2019 15/11/2019 17/12/2015 General Collection